[Event "Vienna Chess Open 2019"]
[Site "Vienna"]
[Date "2019.08.22"]
[Round "7.8"]
[White "Dobrovoljc, Vid"]
[Black "Blohberger, Felix"]
[Result "1/2-1/2"]
[WhiteElo "2331"]
[BlackElo "2467"]
[Annotator "ChessBase"]
[PlyCount "91"]
[EventDate "2019.08.17"]
[EventType "swiss"]
[EventCountry "AUT"]
[SourceTitle "playchess.com"]
[Source "ChessBase"]
[SourceQuality "1"]
[TimeControl "40/5400+30:1800+30"]

1. e4 {[%emt 0:07:54]} e5 {[%emt 0:00:00]} 2. Nf3 {[%emt 0:00:24]} Nf6 {[%emt 0:00:00]} 3. Nxe5 {[%emt 0:04:04]} d6 {[%emt 0:00:00]} 4. Nf3 {[%emt 0:07:13]} Nxe4 {[%emt 0:00:00]} 5. Qe2 {[%emt 0:06:32]} Qe7 {[%emt 0:00:33]} 6. d3 {[%emt 0:00:29]} Nf6 {[%emt 0:00:21]} 7. Bg5 {[%emt 0:00:19]} Nbd7 {[%emt 0:05:19]} 8. Nc3 {[%emt 0:01:19]} Qxe2+ {[%emt 0:05:09]} 9. Bxe2 {[%emt 0:00:35]} h6 {[%emt 0:00:30]} 10. Be3 {[%emt 0:03:57]} a6 {[%emt 0:09:17]} 11. a4 {[%emt 0:05:27]} b6 {[%emt 0:00:35]} 12. d4 {[%emt 0:05:21]} Bb7 {[%emt 0:00:44]} 13. Rd1 {[%emt 0:03:05]} g6 {[%emt 0:01:23]} 14. O-O {[%emt 0:04:40]} Bg7 {[%emt 0:01:51]} 15. Rfe1 {[%emt 0:03:17]} O-O {[%emt 0:01:46]} 16. Nd2 {[%emt 0:06:07]} Rfe8 {[%emt 0:04:44]} 17. Bf3 {[%emt 0:01:43]} Bxf3 {[%emt 0:00:16]} 18. Nxf3 {[%emt 0:00:07]} Rab8 {[%emt 0:12:30]} 19. Bd2 {[%emt 0:04:23]} Rxe1+ {[%emt 0:05:01]} 20. Rxe1 {[%emt 0:02:16]} Kf8 {[%emt 0:16:27]} 21. b3 {[%emt 0:07:11]} Rc8 {[%emt 0:12:16]} 22. Ne4 {[%emt 0:07:09]} Nxe4 {[%emt 0:04:00]} 23. Rxe4 {[%emt 0:00:06]} b5 {[%emt 0:03:00]} 24. axb5 {[%emt 0:08:12]} axb5 {[%emt 0:00:09]} 25. Re1 {[%emt 0:00:14]} Ra8 {[%emt 0:00:31]} 26. Rc1 {[%emt 0:00:17]} f5 {[%emt 0:05:08]} 27. Be3 {[%emt 0:01:23]} g5 {[%emt 0:03:57]} 28. g3 {[%emt 0:00:09]} Nf6 {[%emt 0:01:20]} 29. c4 {[%emt 0:00:45]} bxc4 {[%emt 0:01:07]} 30. bxc4 {[%emt 0:00:04]} Ne4 {[%emt 0:00:42]} 31. d5 {[%emt 0:03:05]} Kf7 {[%emt 0:02:39]} 32. Bd4 {[%emt 0:04:28]} Nd2 {[%emt 0:02:44]} 33. Bxg7 {[%emt 0:00:40]} Nxf3+ {[%emt 0:00:03]} 34. Kg2 {[%emt 0:00:08]} Nd2 {[%emt 0:01:48]} 35. Bc3 {[%emt 0:01:02]} Nxc4 {[%emt 0:01:07]} 36. Bb4 {[%emt 0:00:16]} Nb6 {[%emt 0:00:31]} 37. Rxc7+ {[%emt 0:00:13]} Kg6 {[%emt 0:00:28]} 38. Rc6 {[%emt 0:02:09]} Nxd5 {[%emt 0:00:17]} 39. Rxd6+ {[%emt 0:00:06]} Nf6 {[%emt 0:00:02]} 40. Bc3 {[%emt 0:00:21]} Rf8 {[%emt 0:00:01]} 41. h3 {[%emt 0:31:40]} g4 {[%emt 0:10:36]} 42. h4 {[%emt 0:00:00]} Rf7 {[%emt 0:01:31]} 43. h5+ {[%emt 0:00:00]} Kg5 {[%emt 0:01:38]} 44. Bd4 {[%emt 0:00:00]} Rf8 {[%emt 0:08:49]} 45. Re6 {[%emt 0:00:00]} Rf7 {[%emt 0:04:13]} 46. Rd6 {[%emt 0:00:00]} 1/2-1/2

[Event "Vienna Chess Open 2019"]
[Site "Vienna"]
[Date "2019.08.22"]
[Round "7.9"]
[White "Nasuta, Grzegorz"]
[Black "Schwabeneder, Florian"]
[Result "1/2-1/2"]
[WhiteElo "2533"]
[BlackElo "2404"]
[Annotator "ChessBase"]
[PlyCount "87"]
[EventDate "2019.08.17"]
[EventType "swiss"]
[EventCountry "AUT"]
[SourceTitle "playchess.com"]
[Source "ChessBase"]
[SourceQuality "1"]
[TimeControl "40/5400+30:1800+30"]

1. e4 {[%emt 0:00:43]} e6 {[%emt 0:00:00]} 2. d4 {[%emt 0:00:24]} d5 {[%emt 0:00:02]} 3. Nc3 {[%emt 0:00:07]} Be7 {[%emt 0:00:29]} 4. Nf3 {[%emt 0:02:52]} Nf6 {[%emt 0:01:18]} 5. Bd3 {[%emt 0:04:28]} c5 {[%emt 0:00:48]} 6. exd5 {[%emt 0:07:35]} exd5 {[%emt 0:00:10]} 7. dxc5 {[%emt 0:00:33]} Bxc5 {[%emt 0:04:22]} 8. Bg5 {[%emt 0:19:45]} O-O {[%emt 0:23:03]} 9. O-O {[%emt 0:02:10]} Be6 {[%emt 0:00:16]} 10. Qd2 {[%emt 0:03:54]} Nc6 {[%emt 0:13:14]} 11. a3 {[%emt 0:08:37]} Re8 {[%emt 0:02:13]} 12. Rfe1 {[%emt 0:14:54]} h6 {[%emt 0:08:22]} 13. Bh4 {[%emt 0:00:05]} Be7 {[%emt 0:09:04]} 14. h3 {[%emt 0:00:44]} a6 {[%emt 0:04:52]} 15. Rad1 {[%emt 0:04:18]} b5 {[%emt 0:14:15]} 16. Ne2 {[%emt 0:15:47]} Nh5 {[%emt 0:11:41]} 17. Bxe7 {[%emt 0:00:43]} Qxe7 {[%emt 0:00:02]} 18. Nf4 {[%emt 0:03:21]} Nxf4 {[%emt 0:00:19]} 19. Qxf4 {[%emt 0:00:02]} b4 {[%emt 0:01:15]} 20. a4 {[%emt 0:05:20]} Rec8 {[%emt 0:00:36]} 21. Ne5 {[%emt 0:03:24]} Qg5 {[%emt 0:02:35]} 22. Qxg5 {[%emt 0:00:35]} hxg5 {[%emt 0:00:02]} 23. Nf3 {[%emt 0:00:17]} g4 {[%emt 0:00:08]} 24. Ng5 {[%emt 0:00:19]} gxh3 {[%emt 0:00:31]} 25. Nxe6 {[%emt 0:00:11]} fxe6 {[%emt 0:00:01]} 26. Rxe6 {[%emt 0:00:09]} hxg2 {[%emt 0:01:36]} 27. Kxg2 {[%emt 0:01:19]} Rc7 {[%emt 0:01:31]} 28. Rd6 {[%emt 0:00:33]} Ne7 {[%emt 0:00:21]} 29. Re1 {[%emt 0:00:30]} a5 {[%emt 0:00:25]} 30. Ree6 {[%emt 0:00:17]} Kf7 {[%emt 0:00:26]} 31. Ra6 {[%emt 0:00:08]} Rca7 {[%emt 0:00:56]} 32. Rxa7 {[%emt 0:00:17]} Rxa7 {[%emt 0:00:01]} 33. Rd6 {[%emt 0:00:08]} Rc7 {[%emt 0:00:58]} 34. Kf1 {[%emt 0:00:05]} Rc5 {[%emt 0:00:28]} 35. Ke1 {[%emt 0:00:22]} Nc6 {[%emt 0:00:19]} 36. Rd7+ {[%emt 0:00:21]} Kf6 {[%emt 0:00:02]} 37. Rc7 {[%emt 0:01:39]} b3 {[%emt 0:00:13]} 38. Kd2 {[%emt 0:00:02]} bxc2 {[%emt 0:00:18]} 39. Bxc2 {[%emt 0:00:16]} g5 {[%emt 0:01:38]} 40. Bd1 {[%emt 0:01:31]} Ke5 {[%emt 0:00:25]} 41. Rc8 {[%emt 0:14:13]} Kd6 {[%emt 0:15:23]} 42. Rg8 {[%emt 0:05:59]} d4 {[%emt 0:00:12]} 43. Kd3 {[%emt 0:07:31]} Rf5 {[%emt 0:02:04]} 44. f3 {[%emt 0:01:28]} 1/2-1/2

[Event "Vienna Chess Open 2019"]
[Site "Vienna"]
[Date "2019.08.22"]
[Round "7.9"]
[White "Barp, Alberto"]
[Black "Akesson, Ralf"]
[Result "1/2-1/2"]
[WhiteElo "2411"]
[BlackElo "2411"]
[Annotator "TA"]
[PlyCount "247"]
[EventDate "2019.08.17"]
[EventType "swiss"]
[EventCountry "AUT"]
[SourceTitle "playchess.com"]
[Source "ChessBase"]
[SourceQuality "1"]

{[%evp 23,247,0,30,21,35,16,20,7,26,0,0,-5,0,0,126,0,19,18,43,42,39,34,37,0,10,0,28,27,54,34,67,64,79,83,80,58,83,85,92,85,89,87,94,88,97,95,110,77,142,21,74,74,72,69,71,83,79,38,38,31,31,31,31,31,31,31,34,34,36,36,534,131,811,693,722,492,411,511,478,440,471,471,472,478,471,464,520,535,520,516,510,510,495,495,507,507,500,491,488,435,491,487,407,385,1191,1205,1131,1097,1222,1156,1216,1197,1122,996,1158,1144,1158,1039,1036,987,738,0,902,378,378,378,254,378,378,508,378,378,527,558,737,378,397,579,758,576,647,543,409,593,711,418,433,437,504,0,0,0,824,0,253,0,545,508,489,384,430,335,254,0,0,0,0,0,318,0,0,0,0,0,158,0,0,0,0,0,0,0,402,444,548,0,738,744,864,922,451,44,175,0,0,0,23,0,0,0,0,0,0,0,0,0,0,0,0,0,0,0,0,0,0,0,0,0,0,0,0,0,0,0,0,0]} 1. d4 Nf6 2. c4 e6 3. Nf3 b6 4. g3 Ba6 5. b3 Bb4+ 6. Bd2 Be7 7. Nc3 d5 8. cxd5 exd5 9. Bg2 O-O 10. O-O Bb7 11. Qc2 Na6 12. Rfd1 c5 13. Rac1 {E15: Queen's Indian: 4 g3 sidelines, 4 g3 Ba6 and 4 g3 Bb7 early deviations} Qd7 $146 ({Predecessor:} 13... Qc8 14. Qb1 h6 15. Nh4 Rd8 16. dxc5 bxc5 17. Qf5 Qe6 18. Ng6 Bf8 19. Qxe6 fxe6 20. Be3 Bc6 {1-0 (35) Pap,G (2519)-Pogorelov,R (2447) Sautron 2010}) 14. Be3 Rfd8 15. Qb1 h6 16. dxc5 bxc5 17. Ne5 Qe6 18. Nd3 $1 Qd7 (18... Rab8 $11) 19. Bf4 (19. Na4 $1 $16) 19... Rac8 20. Na4 {[%cal Bc3a4,Ba4b2,Bb2d3][%mdl 32]} Ba8 21. Be5 Qf5 22. Bxf6 Qxf6 23. Qb2 (23. Nf4 {with more complications.} d4 24. Bxa8 Rxa8 25. Qe4 Bf8 26. Rd2) 23... Qxb2 24. Naxb2 Bf6 25. Rd2 Bg5 26. Nf4 Bxf4 27. gxf4 Bc6 28. Nd3 d4 29. Rdc2 Rc7 30. Bxc6 Rxc6 31. Kf1 (31. Nxc5 $2 Rdc8 $19) 31... Rf6 32. Rc4 Kh7 33. Ra4 Rd5 34. Ra5 Rh5 35. Kg2 ({Much weaker is} 35. Nxc5 $6 Nxc5 36. Rcxc5 Rxh2 $11) 35... g5 (35... Rg6+ $142 36. Kh1 Re6) 36. Nxc5 (36. f5 $1 $16) 36... gxf4 (36... Nxc5 $11 {remains equal.} 37. Raxc5 (37. Rcxc5 Rxf4 38. Rxa7 Rg4+ 39. Kf3 Rf4+ 40. Kg3 Rfh4 $14) 37... Rxf4) 37. Rxa6 $16 f3+ 38. exf3 Rg5+ 39. Kf1 Rxc5 {[%mdl 64] Remove Defender} 40. Rxc5 (40. Rxf6 {is more complex.} Rxc1+ 41. Kg2 Kg7 42. Rd6 Ra1 43. a4) 40... Rxa6 {[%mdl 4096] Endgame KR-KR} 41. a4 Rb6 42. Rb5 Rxb5 43. axb5 $14 {KP-KP} Kg6 44. Ke2 Kf5 45. Kd3 Ke5 46. f4+ Kd5 $2 {[%mdl 8192]} ({Black should try} 46... Kxf4 $14 47. Kxd4 f5) 47. f5 $2 (47. b4 $18 {and the rest is easy.} h5 48. h3) 47... Ke5 $2 {[%mdl 8192] [#]} (47... f6 $16 48. b4 Ke5) 48. f6 $1 $18 {[%mdl 512]} h5 (48... Kxf6 49. Kxd4) 49. h4 Kxf6 50. Kxd4 Kf5 51. Kc5 Kg4 52. Kc6 Kxh4 {K3P-K3P} 53. Kb7 Kg5 54. Kxa7 {K3P-KPP} h4 55. b6 h3 56. b7 h2 57. b8=Q h1=Q {KQ-KQ} 58. Qg3+ Kf5 59. Qd3+ Kg5 60. Qe3+ Kg6 61. b4 {[%cal Bb3b4,Bb4b5,Bb5b6][%mdl 32]} Qd5 62. Qc5 Qd7+ 63. Ka6 f6 $2 (63... Qe8 64. b5 Qa8+ 65. Qa7 Qd5) 64. Qc2+ Kg5 65. b5 Qd5 66. b6 Qa8+ 67. Kb5 Qe8+ 68. Qc6 Qe2+ 69. Qc4 Qe8+ 70. Ka5 {Black must now prevent Qb5+.} Qa8+ 71. Qa6 Qd8 72. Qc4 $2 ({White should play} 72. Qe2 $18 f5 73. Qe3+ Kg6 74. Ka6) 72... f5 $2 {[%mdl 8192]} (72... Qa8+ $11 73. Kb4 f5) 73. f4+ (73. Qe6 $142 Qd2+ 74. Kb5 Qb2+ 75. Kc6 Qc2+ 76. Kd7 Qa4+ 77. Kc7 Qf4+ 78. Qd6 Qc4+ 79. Kd8) 73... Kg4 74. Qc7 Qa8+ 75. Kb4 {b7 is the strong threat.} Qe4+ 76. Kc5 Qe3+ 77. Kc6 Qe6+ 78. Qd6 $1 {[%cal Rd6e6]} Qe8+ 79. Kc7 Qf7+ 80. Kc8 Qc4+ 81. Kd8 Qg8+ 82. Ke7 Qg7+ 83. Ke6 (83. Ke8 $142) 83... Qg8+ 84. Ke5 Qe8+ 85. Kf6 Qh8+ 86. Ke7 $2 (86. Kf7 $1 $18) 86... Qg7+ $1 $11 87. Ke6 $2 {[%mdl 8192]} (87. Ke8 $11 Qg8+ 88. Kd7 Qf7+ 89. Kc8) 87... Qg8+ $1 $18 88. Ke5 $2 (88. Kd7 $1 Qf7+ 89. Kd8) 88... Qe8+ 89. Kd4 $2 (89. Qe6 $1 $18 {[%cal Re6e8]} Qb5+ 90. Qd5 Qxb6 91. Qg2+ Kh4 92. Qg5+ Kh3 93. Qxf5+ (93. Kxf5 Qb8 $16) 93... Kg3 94. Qd3+ Kg4 95. Qd7+ Kh4 96. Qh7+ Kg3 97. f5 Qb5+ 98. Ke6) 89... Qe4+ $2 {[%mdl 8192]} (89... Qa4+ $1 $11 90. Kc5 Qc2+ 91. Kb5 Qb3+ 92. Kc6 Qc4+ 93. Kb7 Qf7+ 94. Kc8 Qg8+ 95. Kc7 Qg7+ 96. Kc6 Qc3+ 97. Kb7 Qc4) 90. Kc3 $1 Qe3+ 91. Kc2 Qe2+ 92. Kc1 {Intending Qd1 and mate.} Qc4+ 93. Kd2 $2 (93. Kb2 $1 $18) 93... Qa2+ $11 94. Ke1 {Threatens to win with b7.} Qa5+ $1 95. Ke2 Qb5+ $2 {[%mdl 8192]} (95... Qa2+ $1 $11 {and Black stays safe.} 96. Ke3 Qb3+ 97. Kd4 Qb2+ 98. Kd5 Qb5+ 99. Ke6 Qe8+ 100. Kf6 Qh8+ 101. Kf7 Qh7+ 102. Ke6 Qg8+) 96. Ke3 $2 (96. Kf2 $18 Qb2+ 97. Ke3 Qc3+ 98. Ke2) 96... Qb3+ 97. Kd4 Qa4+ 98. Kd5 {And now Qc7 would win.} Qb5+ $2 {[#]} (98... Qe4+ $1 $11 99. Kc5 Qc2+ 100. Kb5 Qb3+ 101. Kc6 Qc3+ 102. Kd7 Qg7+ 103. Ke6) 99. Kd4 $2 ({Only move:} 99. Qc5 $1 $16 {[%cal Rc5b5]} Qe8 100. Qd4) 99... Qa4+ 100. Kc5 Qc2+ 101. Kb5 {aiming for b7.} Qe2+ 102. Kc6 Qc4+ $2 {[%mdl 8192]} (102... Qe8+ $1 $11 {and Black has nothing to worry.} 103. Kc7 Qf7+ 104. Qd7 Qc4+ 105. Qc6 Qxf4+ 106. Kc8 Qd4 107. Qg6+ Kh4) 103. Kd7 $18 Qf7+ {[#]} 104. Kc8 $2 (104. Qe7 $1 $18 {[%cal Re7f7]} Qd5+ 105. Kc8) 104... Qe8+ $2 {[%mdl 8192]} (104... Qc4+ $11 105. Qc7 Qg8+ 106. Kd7 Qh7+ 107. Kd6 Qh6+ 108. Kc5 Qf8+ 109. Kc4 Qa3 110. Qg7+ Kxf4) 105. Qd8 Qe6+ 106. Kb8 Kxf4 107. Qh4+ $2 (107. b7 $18) 107... Kf3 $14 108. Qh3+ $2 (108. Qd4 $18 {Strongly threatening b7.} f4 109. b7) 108... Kf2 109. Qh2+ Kf3 110. b7 {Hoping for Qh3+.} Qe8+ {The position is equal.} 111. Kc7 Qe7+ 112. Kc6 Qe8+ 113. Kc5 Qe7+ 114. Kd4 {White threatens Qh3+ and mate.} Qd7+ 115. Kc5 {White wants to mate with Qh1+.} Qe7+ 116. Kb6 Qe3+ 117. Kc6 {Threatening mate with Qh3+.} Qe8+ 118. Kd5 Qd7+ 119. Kc5 Qe7+ 120. Kb6 Qe3+ 121. Kb5 Qe8+ 122. Ka5 Qd8+ 123. Ka6 Qd3+ $1 124. Kb6 {Accuracy: White = 51%, Black = 53%.} 1/2-1/2

[Event "Vienna Chess Open 2019"]
[Site "Vienna"]
[Date "2019.08.22"]
[Round "7.9"]
[White "Valmana Canto, Jaime"]
[Black "Ragger, Anna-Christina"]
[Result "1-0"]
[WhiteElo "2406"]
[BlackElo "2406"]
[Annotator "NA"]
[PlyCount "81"]
[EventDate "2019.08.17"]
[EventType "swiss"]
[EventCountry "AUT"]
[SourceTitle "playchess.com"]
[Source "ChessBase"]
[SourceQuality "1"]
[TimeControl "40/5400+30:1800+30"]

1. Nf3 {[%emt 0:00:00]} d5 {[%emt 0:00:00]} 2. g3 {[%emt 0:00:16]} c6 {[%emt 0:00:00]} 3. Bg2 {[%emt 0:00:08]} Bg4 {[%emt 0:00:00]} 4. c4 {[%emt 0:00:54]} e6 {[%emt 0:01:20]} 5. Qb3 {[%emt 0:01:22]} Qb6 {[%emt 0:01:57]} 6. Nc3 {[%emt 0:01:54]} Qxb3 {[%emt 0:07:55]} 7. axb3 {[%emt 0:00:11]} Nd7 {[%emt 0:00:42]} 8. d4 {[%emt 0:03:12]} Ne7 {[%emt 0:23:25]} 9. O-O {[%emt 0:01:54]} Bf5 {[%emt 0:20:14]} 10. c5 {[%emt 0:03:43]} a6 {[%emt 0:01:52]} 11. b4 {[%emt 0:09:36]} Rc8 {[%emt 0:02:06]} 12. Nd2 {[%emt 0:01:59]} Bc2 {[%emt 0:01:36]} 13. Ncb1 {[%emt 0:03:54]} Bxb1 {[%emt 0:03:12]} 14. Rxb1 {[%emt 0:00:27]} g6 {[%emt 0:02:23]} 15. Nb3 {[%emt 0:00:59]} Bg7 {[%emt 0:00:47]} 16. Bf4 {[%emt 0:08:50]} e5 {[%emt 0:03:22]} 17. dxe5 {[%emt 0:01:04]} Bxe5 {[%emt 0:01:49]} 18. Bg5 {[%emt 0:02:12]} Bf6 {[%emt 0:00:43]} 19. Bd2 {[%emt 0:00:12]} O-O {[%emt 0:01:46]} 20. Rfd1 {[%emt 0:05:31]} Rc7 {[%emt 0:01:48]} 21. e4 {[%emt 0:04:50]} dxe4 {[%emt 0:00:54]} 22. Bxe4 {[%emt 0:01:23]} g5 {[%emt 0:08:12]} 23. Kg2 {[%emt 0:17:01]} h6 {[%emt 0:00:06]} 24. h4 {[%emt 0:01:55]} Ne5 {[%emt 0:01:32]} 25. hxg5 {[%emt 0:01:57]} hxg5 {[%emt 0:00:01]} 26. Rh1 {[%emt 0:00:35]} N7g6 {[%emt 0:03:12]} 27. Rh5 {[%emt 0:04:41]} g4 {[%emt 0:00:16]} 28. Bc3 {[%emt 0:02:24]} Re7 {[%emt 0:01:57]} 29. Nd4 {[%emt 0:03:24]} Nf3 {[%emt 0:01:56]} 30. Nf5 {[%emt 0:03:11]} Rxe4 {[%emt 0:00:48]} 31. Bxf6 {[%emt 0:00:11]} Ne1+ {[%emt 0:01:09]} 32. Rxe1 {[%emt 0:00:15]} Rxe1 {[%emt 0:00:03]} 33. Nh6+ {[%emt 0:00:08]} Kh7 {[%emt 0:00:04]} 34. Nxg4+ {[%emt 0:00:06]} Kg8 {[%emt 0:00:02]} 35. Bc3 {[%emt 0:00:12]} Re6 {[%emt 0:02:29]} 36. f4 {[%emt 0:01:44]} Rfe8 {[%emt 0:01:48]} 37. f5 {[%emt 0:00:24]} Re2+ {[%emt 0:01:11]} 38. Kh3 {[%emt 0:03:08]} R8e5 {[%emt 0:02:01]} 39. Nf6+ {[%emt 0:02:13]} Kf8 {[%emt 0:01:20]} 40. fxg6 {[%emt 0:00:12]} Rxh5+ {[%emt 0:00:14]} 41. Nxh5 {[%emt 0:30:07]} 1-0

[Event "Vienna Chess Open 2019"]
[Site "Vienna"]
[Date "2019.08.22"]
[Round "7.10"]
[White "Gumularz, Szymon"]
[Black "Pfreundt, Jakob"]
[Result "1-0"]
[WhiteElo "2501"]
[BlackElo "2410"]
[Annotator "ChessBase"]
[PlyCount "85"]
[EventDate "2019.08.17"]
[EventType "swiss"]
[EventCountry "AUT"]
[SourceTitle "playchess.com"]
[Source "ChessBase"]
[SourceQuality "1"]
[TimeControl "40/5400+30:1800+30"]

1. d4 {[%emt 0:00:00]} d5 {[%emt 0:00:00]} 2. c4 {[%emt 0:00:00]} e6 {[%emt 0:00:00]} 3. Nc3 {[%emt 0:00:00]} Nf6 {[%emt 0:00:09]} 4. cxd5 {[%emt 0:00:28]} exd5 {[%emt 0:00:25]} 5. Bg5 {[%emt 0:00:30]} c6 {[%emt 0:00:09]} 6. e3 {[%emt 0:00:09]} Be7 {[%emt 0:00:31]} 7. Bd3 {[%emt 0:00:11]} Nbd7 {[%emt 0:00:53]} 8. h3 {[%emt 0:03:55]} Nf8 {[%emt 0:06:59]} 9. Bf4 {[%emt 0:03:05]} Ng6 {[%emt 0:02:25]} 10. Bh2 {[%emt 0:00:10]} O-O {[%emt 0:07:02]} 11. Nf3 {[%emt 0:00:43]} Re8 {[%emt 0:06:44]} 12. Qc2 {[%emt 0:00:29]} a5 {[%emt 0:07:30]} 13. O-O-O {[%emt 0:09:31]} b5 {[%emt 0:03:17]} 14. Ne5 {[%emt 0:02:09]} Bb7 {[%emt 0:02:22]} 15. Kb1 {[%emt 0:00:40]} a4 {[%emt 0:01:56]} 16. g4 {[%emt 0:01:11]} Nd7 {[%emt 0:30:22]} 17. Nxd7 {[%emt 0:51:05]} Qxd7 {[%emt 0:00:07]} 18. Bg3 {[%emt 0:00:38]} Bd6 {[%emt 0:14:44]} 19. Bxd6 {[%emt 0:00:41]} Qxd6 {[%emt 0:00:06]} 20. h4 {[%emt 0:00:20]} Nf8 {[%emt 0:00:35]} 21. g5 {[%emt 0:00:27]} a3 {[%emt 0:02:32]} 22. b3 {[%emt 0:00:11]} Ba6 {[%emt 0:01:21]} 23. Ne2 {[%emt 0:07:19]} b4 {[%emt 0:00:56]} 24. Nf4 {[%emt 0:00:56]} Bxd3 {[%emt 0:00:39]} 25. Nxd3 {[%emt 0:00:09]} Nd7 {[%emt 0:00:47]} 26. Rc1 {[%emt 0:00:09]} Ra6 {[%emt 0:00:45]} 27. Qd2 {[%emt 0:02:11]} Rb6 {[%emt 0:01:03]} 28. h5 {[%emt 0:01:25]} Reb8 {[%emt 0:01:15]} 29. h6 {[%emt 0:06:59]} g6 {[%emt 0:00:34]} 30. f4 {[%emt 0:00:19]} Qe6 {[%emt 0:03:34]} 31. Ka1 {[%emt 0:00:18]} Rb5 {[%emt 0:01:34]} 32. Rc2 {[%emt 0:00:35]} R8b6 {[%emt 0:01:46]} 33. Rhc1 {[%emt 0:02:59]} f6 {[%emt 0:02:11]} 34. gxf6 {[%emt 0:00:49]} Nxf6 {[%emt 0:00:22]} 35. Ne5 {[%emt 0:00:19]} Ne4 {[%emt 0:00:11]} 36. Qd3 {[%emt 0:00:27]} Nc3 {[%emt 0:01:03]} 37. f5 {[%emt 0:03:34]} gxf5 {[%emt 0:00:07]} 38. Rg1+ {[%emt 0:00:08]} Kh8 {[%emt 0:00:17]} 39. e4 {[%emt 0:03:29]} Nxe4 {[%emt 0:01:33]} 40. Rg7 {[%emt 0:00:27]} Nd6 {[%emt 0:00:32]} 41. Qg3 {[%emt 0:03:49]} Rb8 {[%emt 0:07:24]} 42. Rxh7+ {[%emt 0:00:12]} Kxh7 {[%emt 0:00:07]} 43. Qg7# {[%emt 0:00:02]} 1-0

[Event "Vienna Chess Open 2019"]
[Site "Vienna"]
[Date "2019.08.22"]
[Round "7.10"]
[White "Janik, Igor"]
[Black "Matt, Fabian"]
[Result "1-0"]
[WhiteElo "2483"]
[BlackElo "2271"]
[Annotator "ChessBase"]
[PlyCount "75"]
[EventDate "2019.08.17"]
[EventType "swiss"]
[EventCountry "AUT"]
[SourceTitle "playchess.com"]
[Source "ChessBase"]
[SourceQuality "1"]
[TimeControl "40/5400+30:1800+30"]

1. d4 {[%emt 0:00:00]} d5 {[%emt 0:00:00]} 2. c4 {[%emt 0:00:00]} c6 {[%emt 0:00:00]} 3. Nc3 {[%emt 0:00:08]} Nf6 {[%emt 0:00:03]} 4. cxd5 {[%emt 0:00:25]} cxd5 {[%emt 0:00:08]} 5. Bf4 {[%emt 0:00:04]} Nc6 {[%emt 0:04:26]} 6. e3 {[%emt 0:00:18]} Bf5 {[%emt 0:00:41]} 7. Qb3 {[%emt 0:00:10]} Na5 {[%emt 0:00:08]} 8. Qa4+ {[%emt 0:00:06]} Bd7 {[%emt 0:00:05]} 9. Qc2 {[%emt 0:00:06]} e6 {[%emt 0:01:13]} 10. Bd3 {[%emt 0:00:04]} Be7 {[%emt 0:00:35]} 11. Nf3 {[%emt 0:00:17]} Rc8 {[%emt 0:00:32]} 12. O-O {[%emt 0:02:22]} O-O {[%emt 0:00:40]} 13. h3 {[%emt 0:00:19]} a6 {[%emt 0:01:18]} 14. Rac1 {[%emt 0:03:18]} b5 {[%emt 0:01:56]} 15. Qb1 {[%emt 0:00:07]} b4 {[%emt 0:03:10]} 16. Ne2 {[%emt 0:00:06]} Nc4 {[%emt 0:00:16]} 17. g4 {[%emt 0:01:42]} Bb5 {[%emt 0:05:09]} 18. Ng3 {[%emt 0:04:36]} Nd6 {[%emt 0:04:37]} 19. Ne5 {[%emt 0:03:44]} Nfe4 {[%emt 0:23:01]} 20. Bxb5 {[%emt 0:03:57]} axb5 {[%emt 0:02:03]} 21. Nxe4 {[%emt 0:04:50]} Nxe4 {[%emt 0:03:31]} 22. Qd3 {[%emt 0:03:15]} Bd6 {[%emt 0:13:35]} 23. f3 {[%emt 0:17:12]} Rxc1 {[%emt 0:14:44]} 24. Rxc1 {[%emt 0:00:19]} Ng5 {[%emt 0:00:04]} 25. Kg2 {[%emt 0:00:47]} Bxe5 {[%emt 0:03:58]} 26. dxe5 {[%emt 0:01:40]} f5 {[%emt 0:00:29]} 27. gxf5 {[%emt 0:06:25]} Rxf5 {[%emt 0:01:52]} 28. Qxb5 {[%emt 0:00:22]} h6 {[%emt 0:00:26]} 29. Qa6 {[%emt 0:08:12]} Qe7 {[%emt 0:01:30]} 30. Rc8+ {[%emt 0:04:54]} Kh7 {[%emt 0:00:07]} 31. Qd3 {[%emt 0:03:33]} Qb7 {[%emt 0:08:45]} 32. Rc5 {[%emt 0:09:08]} Kh8 {[%emt 0:00:53]} 33. Rb5 {[%emt 0:01:05]} Qa8 {[%emt 0:00:20]} 34. h4 {[%emt 0:03:14]} d4 {[%emt 0:02:44]} 35. hxg5 {[%emt 0:00:19]} hxg5 {[%emt 0:00:01]} 36. Qe4 {[%emt 0:04:08]} Qe8 {[%emt 0:00:13]} 37. Ra5 {[%emt 0:00:10]} Qg6 {[%emt 0:00:36]} 38. Bg3 {[%emt 0:01:09]} 1-0